[Event "Asian Continental Blitz"]
[Site "Delhi IND"]
[Date "2022.11.03"]
[Round "5.5"]
[White "Jumabayev, R."]
[Black "Pranav, Anand"]
[Result "1-0"]
[WhiteElo "2620"]
[BlackElo "2502"]
[PlyCount "121"]
[EventDate "2022.11.03"]
[EventType "blitz"]

1. Nf3 d5 2. g3 Nc6 3. Bg2 e5 4. d3 Be6 5. a3 f6 6. b4 Qd7 7. Nbd2 ({RR} 7. Bb2 O-O-O 8. Nbd2 Bh3 9. Bxh3 Qxh3 10. c4 Kb8 11. cxd5 Rxd5 12. Rc1 Nh6 13. Qb3 Qd7 14. Ne4 Nf5 15. Nc3 Rd6 16. Ne4 Re6 17. h4 Re8 18. Qc3 Bd6 19. b5 Ncd4 20. Nxd4 exd4 21. Qc4 h5 {Sviridov,V (2558)-Caruana,F (2835) Chess.com INT 2020 0-1}) 7... Bh3 ({RR} 7... h5 8. h4 O-O-O 9. Nb3 Bd6 10. Be3 Nh6 11. b5 Ne7 12. a4 Kb8 13. Nc5 Bxc5 14. Bxc5 Nef5 15. e3 Ng4 16. Qe2 d4 17. e4 Nd6 18. Bb4 Nf7 19. Nd2 c5 20. Ba3 Rc8 21. O-O g5 22. Nf3 {Bodi,T (2307)-Schmider,N (2406) Karlsruhe GER 2025 0-1 (36)}) 8. Bxh3 Qxh3 9. c4 d4 $146 ({RR} 9... dxc4 10. Nxc4 b5 11. Ncd2 a5 12. Qc2 Nge7 13. bxa5 Rxa5 14. Nb3 Ra8 15. Bb2 Qe6 16. Rc1 g6 17. Nc5 Qf7 18. d4 Bh6 19. Rd1 {0-1 (19) Idrisov,T (2092)-Bayramov,E (2266) Guba AZE 2023}) 10. Qa4 Qd7 11. O-O h5 12. h4 Nh6 13. Ne4 Ng4 14. Kg2 Be7 15. Bd2 O-O 16. Qb3 Qe6 17. Rab1 a6 18. c5 Qxb3 19. Rxb3 Kf7 20. a4 Nd8 21. e3 dxe3 22. fxe3 Ke6 23. d4 Nf7 24. Nc3 c6 25. e4 exd4 26. Nxd4+ Kd7 27. Rd1 Nfe5 28. Bf4 Rfd8 29. Nf5+ Ke8 30. Nxg7+ Kf7 31. Nf5 Rxd1 32. Nxd1 Rd8 33. Nb2 Bf8 34. Kf1 Rd7 35. Ke2 a5 36. bxa5 Bxc5 37. Bd2 Ke6 38. Bb4 Ba7 39. Bc3 Nh2 40. Bxe5 Kxe5 41. Nc4+ Kxe4 42. Nfd6+ Kd5 43. Rd3+ Bd4 44. Nb6+ Kxd6 45. Nxd7 c5 46. Nxf6 Ke5 47. Nxh5 c4 48. Ra3 Ng4 49. Nf4 Ke4 50. h5 c3 51. Ra2 Nh6 52. Ne6 Be5 53. Nc5+ Kd5 54. Nxb7 Kc4 55. a6 Bd4 56. Kd1 Kb3 57. Re2 Nf5 58. Na5+ Kxa4 59. Nc6 Ne3+ 60. Rxe3 Bxe3 61. Kc2 1-0

[Event "Texas Collegiate Superfin"]
[Site "Richardson USA"]
[Date "2022.10.22"]
[Round "1"]
[White "Dragun, K."]
[Black "Schitco, Ivan"]
[Result "1-0"]
[WhiteElo "2554"]
[BlackElo "2530"]
[PlyCount "115"]
[EventDate "2022.10.22"]

1. Nf3 d5 2. e3 Nf6 3. c4 e6 4. b3 Nbd7 5. Bb2 Bd6 6. Nc3 ({RR} 6. g4 h6 7. Rg1 b6 8. Nc3 Bb7 9. cxd5 exd5 10. h4 Qe7 11. Nb5 c5 12. Nxd6+ Qxd6 13. d4 O-O 14. g5 hxg5 15. Nxg5 Rfe8 16. Qf3 Rac8 17. Bh3 cxd4 18. Bxd7 Rc2 19. Bxe8 Ba6 20. Bxf7+ Kf8 {Theodorou,N (2612)-Svane,F (2664) chess.com INT 2025 0-1}) 6... O-O 7. d4 ({RR} 7. Rc1 a6 8. g3 dxc4 9. bxc4 e5 10. d4 exd4 11. Qxd4 Re8 12. Bg2 Ne5 13. Nxe5 Bxe5 14. Qxd8 Rxd8 15. f4 Bd6 16. Nd5 Nd7 17. Bd4 c6 18. c5 Nxc5 19. Bxc5 Bxc5 20. Rxc5 cxd5 21. O-O Be6 {Saric,A (2482)-Langrock,H (2355) Germany GER 2025 1-0 (58)}) 7... dxc4 $146 ({RR} 7... b6 8. Qc2 a6 9. g4 Bb7 10. g5 Ne4 11. Nxe4 dxe4 12. Nd2 Qxg5 13. Nxe4 Qg6 14. f3 f5 15. Nxd6 Bxf3 16. Bg2 Qxg2 17. Qxg2 Bxg2 18. Rg1 Bf3 19. d5 e5 20. Rg3 Bh5 21. Ba3 cxd6 22. Bxd6 {Erigaisi,A (2738)-Kozak,A (2442) chess.com INT 2024 0-1 (47)}) 8. Bxc4 a6 9. a4 e5 10. Qc2 exd4 11. Nxd4 Ne5 12. Be2 g6 13. Rd1 Qe7 14. Ne4 Nxe4 15. Qxe4 Nd7 16. Qc2 Be5 17. h4 c5 18. Ba3 Bf6 19. h5 Qe5 20. hxg6 hxg6 21. Bc4 Kg7 22. Nf3 Qc3+ 23. Qxc3 Bxc3+ 24. Ke2 Bf6 25. g4 b5 26. Bd5 Rb8 27. g5 Bc3 28. Rh4 Bb7 29. Bxb7 Rxb7 30. Nd2 f5 31. Nb1 Ba1 32. Nd2 Bc3 33. Nb1 b4 34. Bc1 Ne5 35. Rd5 c4 36. bxc4 Ba1 37. c5 Rc8 38. e4 b3 39. exf5 gxf5 40. Be3 Ng6 41. Rc4 Ne7 42. Rd1 Nc6 43. Nd2 Be5 44. Nf3 Re8 45. Nxe5 Nxe5 46. Rcd4 b2 47. Rb1 Nc6 48. Rd6 Na5 49. Kd3 Rb3+ 50. Kc2 Rexe3 51. fxe3 Rxe3 52. Rxb2 f4 53. Rxa6 f3 54. Rf6 Re5 55. Rb5 Nc4 56. Kc3 Rxg5 57. Rxf3 Ne5 58. Rb7+ 1-0

[Event "Titled Tue 1st Nov Early"]
[Site "chess.com INT"]
[Date "2022.11.01"]
[Round "3"]
[White "Narayanan, Sri"]
[Black "Bortnyk, Olexandr"]
[Result "1-0"]
[WhiteElo "2559"]
[BlackElo "2604"]
[PlyCount "93"]
[EventDate "2022.11.01"]

1. Nf3 d6 2. d4 Nf6 3. c4 g6 4. g3 Bg7 5. Bg2 O-O 6. O-O Bf5 7. Qb3 Qc8 8. Nc3 Nc6 9. d5 Na5 10. Qa4 b6 11. Nd2 ({RR} 11. c5 Bh3 12. c6 Bxg2 13. Kxg2 e6 14. e4 exd5 15. exd5 Re8 16. Be3 Qg4 17. Qxg4 Nxg4 18. Bd4 Nc4 19. Bxg7 Kxg7 20. b3 Nce5 21. Nd4 a6 22. h3 Nf6 23. Rad1 g5 24. Rfe1 Ng6 25. Nf5+ Kf8 {Lazavik,D (2572)-Bortnyk,O (2601) chess.com INT 2025 0-1 (79)}) 11... Bh3 12. Qc2 $146 ({RR} 12. b4 Bxg2 13. Kxg2 Nb7 14. Qa6 c5 15. a3 Ne8 16. Bb2 Nc7 17. Qa4 a6 18. Qb3 b5 19. Rac1 Qd7 20. Rfd1 Rab8 21. Nce4 Na5 22. Qc2 Bxb2 23. Qxb2 Nxc4 24. Nxc4 bxc4 25. Rxc4 a5 26. Qc3 Qa4 {Kustar,S (2347)-Gledura,B (2620) Ajka HUN 2024 0-1 (35)}) 12... c5 13. b3 Bxg2 14. Kxg2 e6 15. Bb2 Re8 16. Nce4 Qd8 17. Nxf6+ Bxf6 18. Ne4 Bxb2 19. Qxb2 e5 20. f4 f5 21. Ng5 e4 22. h4 h5 23. g4 hxg4 24. h5 Rf8 25. hxg6 Qf6 26. Qd2 e3 27. Qd3 Qxg6 28. Rh1 Rae8 29. Rh4 Re4 30. Rah1 Rfe8 31. Rh8+ Kg7 32. R1h7+ Kf6 33. Nxe4+ fxe4 34. Qc3+ Kf5 35. Rh5+ Kxf4 36. Rxe8 Qxh5 37. Qf6+ Qf5 38. Qxd6+ Kg5 39. Re5 Nb7 40. Rxf5+ Kxf5 41. Qd7+ Ke5 42. Qxb7 Kd4 43. Qxa7 Kc3 44. Qxb6 Kd2 45. Kf1 g3 46. Qg6 g2+ 47. Qxg2 1-0

[Event "Titled Tue 1st Nov Late"]
[Site "chess.com INT"]
[Date "2022.11.01"]
[Round "6"]
[White "Muradli, Mahammad"]
[Black "Shipov, S."]
[Result "1-0"]
[WhiteElo "2540"]
[BlackElo "2541"]
[PlyCount "47"]
[EventDate "2022.11.01"]

1. Nf3 d5 2. g3 c6 3. Bg2 Bg4 4. O-O Nd7 5. d3 e5 6. c4 dxc4 7. dxc4 h6 ({RR} 7... Qc7 8. Nc3 Ngf6 9. h3 Be6 10. b3 h6 11. Qc2 a5 12. Bb2 Be7 13. Nh4 Nb6 14. Nf5 Bxf5 15. Qxf5 Nfd7 16. h4 g6 17. Qh3 Nf6 18. Ne4 Nbd7 19. f4 Nxe4 20. Bxe4 Bf6 21. Bxg6 fxg6 22. Qe6+ {Bakalchuk,J (2438)-Deutsch,E (2288) Israel ISR 2025 1-0}) 8. Nc3 Ngf6 9. Qc2 Be7 10. Rd1 $146 ({RR} 10. b3 O-O 11. Bb2 Qc7 12. Nh4 Rfe8 13. Rad1 Rad8 14. h3 Be6 15. Nf5 Bf8 16. g4 a5 17. Na4 Bxf5 18. Qxf5 e4 19. Bc1 Bd6 20. Rxd6 Qxd6 21. Qxa5 Ra8 22. Qf5 Qe5 23. Qxe5 Nxe5 24. Nc3 Ng6 {Vojinovic,G (2435)-Toth,A (2315) Valjevo 2011 ½-½ (44)}) 10... Qc7 11. b3 O-O 12. Bb2 a5 13. Nh4 Rfe8 14. Nf5 Bf8 15. Bf3 Bh3 16. Ne4 Nxe4 17. Bxe4 a4 18. Rd2 Nc5 19. Bg2 axb3 20. axb3 Rxa1+ 21. Bxa1 Bxf5 22. Qxf5 Nxb3 23. Rd7 Qc8 24. Be4 1-0

[Event "Titled Tue 1st Nov Late"]
[Site "chess.com INT"]
[Date "2022.11.01"]
[Round "7"]
[White "Svane, R."]
[Black "Boruchovsky, A."]
[Result "1-0"]
[WhiteElo "2619"]
[BlackElo "2552"]
[PlyCount "68"]
[EventDate "2022.11.01"]

1. Nf3 c5 2. c4 Nc6 3. Nc3 g6 4. e3 Nf6 5. d4 cxd4 6. exd4 d5 7. cxd5 Nxd5 8. Qb3 Nxc3 9. Bc4 Nd5 10. Bxd5 e6 11. Bxc6+ bxc6 12. O-O Bg7 13. Bd2 $146 ({RR} 13. Bg5 Qd5 14. Qa3 f6 15. Be3 Kf7 16. Rac1 a5 17. Rfd1 Bf8 18. Qa4 Bb7 19. Ne5+ Kg7 20. Nd3 Be7 21. Nf4 Qd6 22. d5 exd5 23. Bc5 Qd7 24. Rxd5 Qe8 25. Ne6+ Kf7 26. Rdd1 Bxc5 27. Nxc5 Bc8 {Hasidovski,A-Dvoretzky,M Kiev 1970 ½-½ (59)}) ({RR} 13. Bg5 Qd5 14. Qa3 f6 15. Be3 Bf8 16. Qa4 Be7 17. Rac1 Bd7 18. Rfd1 a5 19. a3 Rb8 20. b4 axb4 21. axb4 c5 22. b5 Bxb5 23. Qa7 Ra8 24. Qc7 c4 25. Bh6 Kf7 26. h4 Rhc8 27. Qf4 Qf5 {Pilgaard,K (2444)-Vallejo Pons,F (2703) Philadelphia 2010 0-1}) ({RR} 13. Be3 O-O 14. Rfc1 Qd6 15. Rc5 Bd7 16. Qc3 f6 17. Nd2 f5 18. g3 f4 19. Ne4 Qc7 20. Bd2 fxg3 21. hxg3 Rf5 22. Rxf5 gxf5 23. Bf4 Qb6 24. Nc5 Rd8 25. Bg5 Bc8 26. Bxd8 Qxd8 27. Qb3 Qd6 {Mueer,S (2205)-Tonndorf,M (2216) Germany 2019 1-0 (48)}) 13... O-O 14. Bb4 Re8 15. Bc5 Ba6 16. Rfe1 Qd5 17. Qc3 Qc4 18. Qa3 Red8 19. Rac1 Qb5 20. Re3 Bc8 21. h3 a5 22. Rb3 Qe2 23. Re3 Qa6 24. Rce1 a4 25. Ne5 Qb5 26. Rf3 f6 27. Be7 Rxd4 28. Bxf6 Bf8 29. Be7 Bg7 30. Qe3 Qd5 31. Bf6 Bf8 32. Nxg6 Bc5 33. Bxd4 Bxd4 34. Ne7+ Kg7 1-0

[Event "Titled Tue 1st Nov Late"]
[Site "chess.com INT"]
[Date "2022.11.01"]
[Round "7"]
[White "Sjugirov, S."]
[Black "Gareev, T."]
[Result "1-0"]
[WhiteElo "2712"]
[BlackElo "2602"]
[PlyCount "93"]
[EventDate "2022.11.01"]

1. Nf3 c5 2. c4 b6 3. Nc3 Bb7 4. e3 e6 5. d4 cxd4 6. exd4 Nf6 7. a3 g6 ({RR} 7... d6 8. Bd3 Be7 9. O-O O-O 10. Re1 d5 11. cxd5 Nxd5 12. Bc2 Nd7 13. Qd3 N7f6 14. Bg5 g6 15. Bh6 Re8 16. Ne5 Bf8 17. Bg5 Nxc3 18. bxc3 Qd5 19. Qh3 Qd8 20. Ba4 Be7 21. Nxf7 Qd5 22. Bxe8 {Djordjevic,N (1923)-Radosavljevic,V (1927) Veliko Gradiste 2021 1-0 (35)}) 8. Bf4 $146 ({RR} 8. d5 Bg7 9. Be2 exd5 10. cxd5 O-O 11. O-O Na6 12. Bg5 h6 13. Bh4 Re8 14. Nd4 Nc5 15. Bf3 g5 16. Bg3 Nfe4 17. Nxe4 Nxe4 18. Bxe4 Rxe4 19. Nf5 Qf6 20. Nxg7 Kxg7 21. Re1 Rae8 22. Qd2 Bxd5 {Beim,V (2512)-Ponomariov,R (2695) Odessa 2005 ½-½ (31)}) 8... d6 9. Be2 a6 10. O-O Bg7 11. Qa4+ b5 12. cxb5 O-O 13. Qb4 axb5 14. Qxd6 Nc6 15. Bxb5 Nh5 16. Qxd8 Rfxd8 17. Bg5 Rd6 18. Rfd1 Na5 19. Be7 Bxf3 20. Bxd6 Bxd1 21. Rxd1 Nb3 22. Be5 Bxe5 23. dxe5 Rc8 24. g3 Kg7 25. Be2 Kh6 26. Bxh5 gxh5 27. Rd7 Kg6 28. a4 Nc5 29. Rd4 Nb3 30. Rb4 Nd2 31. Kg2 Nc4 32. Rb5 Nxb2 33. Rxb2 Rxc3 34. Ra2 Rc6 35. a5 Ra6 36. f4 Kf5 37. Kf3 h6 38. Ra3 f6 39. exf6 Kxf6 40. Ke4 Ke7 41. Ke5 Kf7 42. Kd4 Ke7 43. Kc5 Kd7 44. Kb5 Ra8 45. a6 Rb8+ 46. Kc5 Rc8+ 47. Kd4 1-0

[Event "Titled Tue 1st Nov Late"]
[Site "chess.com INT"]
[Date "2022.11.01"]
[Round "11"]
[White "Svane, R."]
[Black "Sarana, A."]
[Result "1-0"]
[WhiteElo "2619"]
[BlackElo "2668"]
[PlyCount "175"]
[EventDate "2022.11.01"]

1. Nf3 d5 2. g3 g6 3. Bg2 Bg7 4. d4 c6 5. O-O Nf6 6. c4 dxc4 7. a4 O-O 8. Na3 Be6 9. Ng5 Bd5 10. e4 h6 11. exd5 hxg5 12. dxc6 Nxc6 13. Nxc4 Nxd4 14. Bxg5 Rc8 15. Rc1 Qd7 $146 ({RR} 15... b6 16. Re1 Ne6 17. Be3 Qxd1 18. Rexd1 Ng4 19. b4 Rc7 20. Bh3 f5 21. Bxg4 fxg4 22. Na3 Rxc1 23. Rxc1 Bb2 24. Rc6 Nd8 25. Rxg6+ Kf7 26. Rxg4 Bxa3 27. a5 bxa5 28. bxa5 a6 29. Rc4 Bd6 30. h4 {Shashish Subbiah (2009)-Gholami Orimi,M (2507) Muscat OMA 2024 0-1 (58)}) 16. Re1 Rfd8 17. h4 Qf5 18. Re5 Qd7 19. Re1 Qf5 20. Bxb7 Ng4 21. Rf1 Rc7 22. Bg2 Qe6 23. Re1 Qf5 24. Rf1 Rdc8 25. Bh3 Nf3+ 26. Kg2 Ne1+ 27. Qxe1 Rxc4 28. Rxc4 Rxc4 29. Qxe7 Qd5+ 30. Kg1 Ne5 31. Bg2 Qd3 32. Re1 Nf3+ 33. Bxf3 Qxf3 34. Qe2 Qd5 35. b3 Rc3 36. b4 Ra3 37. a5 Ra2 38. Qe4 Qd6 39. Qe8+ Qf8 40. Qxf8+ Bxf8 41. Re8 Kg7 42. Bh6+ Kxh6 43. Rxf8 f5 44. Ra8 Ra4 45. Rxa7 Rxb4 46. a6 Ra4 47. Kg2 Ra3 48. Kf1 Ra2 49. f3 Ra1+ 50. Kf2 Ra3 51. Ra8 Kh7 52. a7 Kg7 53. Ke2 Kh7 54. Kd2 Kg7 55. Kc2 Ra4 56. Kb3 Ra1 57. Kc4 Rc1+ 58. Kd5 Ra1 59. Ke5 Ra5+ 60. Kf4 Ra3 61. Kg5 Ra5 62. f4 Ra3 63. g4 fxg4 64. Kxg4 Ra5 65. Kg3 Ra3+ 66. Kg2 Ra2+ 67. Kg1 Ra1+ 68. Kf2 Ra2+ 69. Ke1 Ra1+ 70. Kd2 Ra6 71. h5 gxh5 72. f5 h4 73. f6+ Kf7 74. Rh8 Ra2+ 75. Ke3 Ra3+ 76. Kd4 Ra4+ 77. Kc5 Rxa7 78. Rh7+ Kxf6 79. Rxa7 Kf5 80. Kd4 Kf4 81. Rf7+ Kg3 82. Ke3 h3 83. Rg7+ Kh2 84. Kf2 Kh1 85. Rh7 h2 86. Kg3 Kg1 87. Rxh2 Kf1 88. Rf2+ 1-0

[Event "TCh-AUT 2022-23"]
[Site "Austria AUT"]
[Date "2022.11.03"]
[Round "1.6"]
[White "Bosiocic, Mari"]
[Black "Naiditsch, A."]
[Result "1-0"]
[WhiteElo "2536"]
[BlackElo "2667"]
[PlyCount "89"]
[EventDate "2022.11.03"]
[EventType "team"]
[WhiteTeam "SV - Das Wien - St. Veit"]
[BlackTeam "ASV Linz"]

1. Nf3 d5 2. g3 g6 3. Bg2 Bg7 4. O-O e5 5. d3 Ne7 6. e4 d4 7. b4 ({RR} 7. a4 c5 8. Na3 Nbc6 9. c3 h6 10. cxd4 cxd4 11. Bd2 O-O 12. b4 Bg4 13. Nc4 Rc8 14. b5 Nb8 15. Bb4 Nd7 16. Qd2 b6 17. a5 Be6 18. axb6 axb6 19. Rfc1 Bxc4 20. dxc4 Nc5 21. Qc2 Qd7 {Le,Q (2703)-Ponomariov,R (2731) Beijing 2013 1-0 (33)}) 7... O-O 8. Nbd2 $146 ({RR} 8. a4 a5 9. b5 c5 10. c3 h6 11. cxd4 exd4 12. Nbd2 Be6 13. Qc2 Nd7 14. Nc4 Nb6 15. Nxb6 Qxb6 16. Nd2 f5 17. Nc4 Qd8 18. exf5 Bxf5 19. Bxb7 Nd5 20. Ba3 Ra7 21. Bc6 Nb4 22. Bxb4 axb4 {Mikaelyan,A (2495)-Pinto,D (2325) chess.com INT 2025 1-0}) 8... Nd7 9. a4 c5 10. b5 Qc7 11. Bb2 Rd8 12. c3 dxc3 13. Bxc3 Nf8 14. Qb1 f6 15. Rc1 Be6 16. d4 cxd4 17. Bxd4 Qd7 18. Be3 Bf7 19. Nc4 Nc8 20. b6 axb6 21. Bxb6 Re8 22. a5 Bh6 23. Be3 Bxe3 24. Nxe3 Nd6 25. Qb4 Red8 26. Bf1 Kg7 27. Rc2 Qe6 28. Rb1 Rac8 29. Rd2 Rd7 30. h4 Rcd8 31. Kh2 Nc8 32. Rxd7 Qxd7 33. Qxb7 Qxb7 34. Rxb7 Nd6 35. Rb4 Ne6 36. a6 Nc5 37. Nd2 Ne8 38. Nd5 Ra8 39. Rb6 Bxd5 40. exd5 Nc7 41. d6 N7xa6 42. Bxa6 Nxa6 43. Rb7+ Kf8 44. Ne4 f5 45. Rxh7 1-0

[Event "chess.com SpeedChess Q1Sw"]
[Site "chess.com INT"]
[Date "2022.11.10"]
[Round "2"]
[White "Svane, R."]
[Black "De Silva, L M S T"]
[Result "1-0"]
[WhiteElo "2619"]
[BlackElo "2521"]
[PlyCount "39"]
[EventDate "2022.11.10"]

1. Nf3 Nf6 2. g3 b6 3. Bg2 Bb7 4. O-O g6 5. d4 Bg7 6. c4 e6 7. Nc3 Ne4 8. Nxe4 Bxe4 9. Bg5 f6 10. Bf4 ({RR} 10. Be3 O-O 11. Qd2 Qe7 12. Rfd1 d6 13. Rac1 Nd7 14. c5 dxc5 15. dxc5 Nxc5 16. Bxc5 bxc5 17. Qe3 f5 18. b3 Rad8 19. h4 Rxd1+ 20. Rxd1 Rd8 21. Rxd8+ Qxd8 22. Qxc5 Qd1+ 23. Kh2 Qxe2 24. Ng5 h6 {Banusz,T (2617)-De Silva,L (2362) chess.com INT 2024 1-0 (45)}) 10... O-O 11. Rc1 $146 ({RR} 11. Qd2 Nc6 12. Rfd1 Ne7 13. Rac1 g5 14. Be3 Nf5 15. d5 e5 16. c5 h6 17. b4 a5 18. b5 Bxf3 19. Bxf3 Nxe3 20. Qxe3 f5 21. d6 Rb8 22. c6 dxc6 23. Rxc6 cxd6 24. Rdxd6 Qe7 25. Bd5+ Kh7 {Kozak,A (2522)-Tolnai,T (2433) Ajka 2022 1-0 (32)}) ({RR} 11. Qd2 f5 12. Rfd1 Nc6 13. d5 Na5 14. Rac1 Bxf3 15. exf3 e5 16. Bg5 Qe8 17. Re1 Nb7 18. Bh6 Bxh6 19. Qxh6 Qe7 20. Rc3 Rae8 21. Rce3 Nd6 22. R3e2 Qf6 23. Qc1 f4 24. Qc3 Nf7 25. c5 d6 {Radjabov,T (2747)-Hou,Y (2650) Chess.com INT 2022 1-0 (61)}) 11... d6 12. Bh3 f5 13. Ng5 Qe7 14. Nxe4 fxe4 15. Qc2 Bxd4 16. Qxe4 e5 17. Qxa8 c6 18. Bh6 Rd8 19. Bg2 Qc7 20. b4 1-0

[Event "chess.com SpeedChess Q1Sw"]
[Site "chess.com INT"]
[Date "2022.11.10"]
[Round "7"]
[White "Svane, R."]
[Black "Kamsky, G."]
[Result "1-0"]
[WhiteElo "2619"]
[BlackElo "2666"]
[PlyCount "101"]
[EventDate "2022.11.10"]

1. Nf3 Nf6 2. g3 d5 3. Bg2 c6 4. O-O Bf5 5. c4 e6 6. Qb3 Qb6 7. d3 Nbd7 8. cxd5 Qxb3 9. axb3 exd5 10. Bd2 Be7 11. b4 O-O 12. Nd4 Bg6 13. b5 c5 14. Nb3 a6 15. Nc3 axb5 $146 ({RR} 15... Nb6 16. bxa6 Rxa6 17. Rxa6 bxa6 18. Ra1 d4 19. Nb1 c4 20. Rxa6 Nfd7 21. Nxd4 cxd3 22. exd3 Bxd3 23. Ra1 Bf6 24. Bc3 Nc4 25. Na3 Ndb6 26. Nxc4 Nxc4 27. Rd1 Bg6 28. Ra1 h5 29. Ra8 Rxa8 30. Bxa8 {Gaal,Z (2313)-Meszaros,T (2368) Ajka 2022 1-0 (47)}) 16. Nxd5 Nxd5 17. Bxd5 Rxa1 18. Rxa1 Nb6 19. Bxb7 c4 20. dxc4 Nxc4 21. Bc3 Bf6 22. Bxf6 gxf6 23. Nd4 Nxb2 24. Nxb5 Nc4 25. Bd5 Ne5 26. Nd6 Rd8 27. Ra8 Rxa8 28. Bxa8 Bc2 29. Ne8 f5 30. f4 Ng4 31. Bf3 Ne3 32. Kf2 Nc4 33. Bd5 Nb6 34. Ba2 Kf8 35. Nd6 f6 36. Be6 Ke7 37. Bxf5 Kxd6 38. Bxc2 h6 39. Kf3 Ke7 40. Kg4 Kf8 41. Kf5 Kg7 42. Bb3 Nd7 43. e4 Nc5 44. Bc4 Nb7 45. e5 fxe5 46. fxe5 Nc5 47. g4 Nd7 48. h4 Nc5 49. Bd5 Nd3 50. e6 Kf8 51. Kf6 1-0

[Event "chess.com SpeedChess Q1Sw"]
[Site "chess.com INT"]
[Date "2022.11.10"]
[Round "13"]
[White "Predke, A."]
[Black "Svane, Frederik"]
[Result "1-0"]
[WhiteElo "2684"]
[BlackElo "2568"]
[PlyCount "53"]
[EventDate "2022.11.10"]

1. Nf3 d5 2. g3 Nd7 3. d4 Nb6 4. Bg2 Bf5 5. a4 a5 6. b3 ({RR} 6. O-O e6 7. Nbd2 Nf6 8. c4 c6 9. Nh4 Bg4 10. h3 Bh5 11. g4 Nfd7 12. Ndf3 Be7 13. c5 Nc8 14. gxh5 Bxh4 15. Qb3 Ra7 16. Nxh4 Qxh4 17. Qg3 Qxd4 18. Qc7 Ke7 19. Bf4 Qxc5 20. Bg3 e5 {Andreikin,D (2726)-Alekseenko,K (2696) Chess.com INT 2020 0-1 (38)}) 6... e6 7. Nh4 $146 ({RR} 7. Ba3 Bxa3 8. Nxa3 h6 9. O-O Nf6 10. Ne5 O-O 11. c4 c6 12. e3 Re8 13. f3 Nbd7 14. cxd5 exd5 15. f4 Bh7 16. Nb1 Ne4 17. Nd2 Nd6 18. Bh3 Nf6 19. Ndf3 Nfe4 20. Nh4 Qb6 21. Rc1 Qc7 {Pang,E (2257)-Fiskaaen,M (2283) Fagernes NOR 2025 0-1 (47)}) 7... h5 8. Nxf5 exf5 9. Qd3 g6 10. Nc3 h4 11. Bd2 c6 12. O-O-O Ba3+ 13. Kb1 Qe7 14. Rhe1 O-O-O 15. g4 fxg4 16. e4 dxe4 17. Bxe4 Qd7 18. d5 cxd5 19. Nxd5 Nxd5 20. Bxd5 Qxd5 21. Qc3+ Bc5 22. Qxh8 Bd4 23. Qxh4 Qf5 24. Bc3 Bb6 25. Rxd8+ Bxd8 26. Re8 Ne7 27. Qxe7 1-0

[Event "chess.com SpeedChess Q1Sw"]
[Site "chess.com INT"]
[Date "2022.11.10"]
[Round "13"]
[White "Svane, R."]
[Black "Bok, B."]
[Result "1-0"]
[WhiteElo "2619"]
[BlackElo "2618"]
[PlyCount "143"]
[EventDate "2022.11.10"]

1. Nf3 g6 2. e4 Bg7 3. d4 d6 4. Bd3 Nf6 5. c3 O-O 6. O-O Nbd7 7. Re1 e5 8. h3 Re8 9. Bc2 $146 ({RR} 9. a4 a5 10. Na3 Qe7 11. Nc4 b6 12. Be3 Bb7 13. d5 Nc5 14. b4 Ncxe4 15. Bxe4 Nxe4 16. Rc1 Nf6 17. Bg5 h6 18. Bxf6 Qxf6 19. bxa5 bxa5 20. Rb1 Ba6 21. Nxa5 e4 22. Nd4 Bd3 23. Nac6 Bxb1 {Marrero Lopez,Y (2274)-Millan,D (2118) Caibarien 2002 ½-½ (46)}) ({RR} 9. Nbd2 b6 10. Nf1 Bb7 11. Ng3 exd4 12. cxd4 c5 13. d5 a6 14. a4 Rc8 15. Bf4 c4 16. Bc2 Nc5 17. Qd2 b5 18. axb5 axb5 19. Nd4 Qb6 20. Ngf5 Nfxe4 21. Qe3 gxf5 22. Nxf5 Bxb2 23. Bxe4 Rxe4 {Carlsen,M (2835)-Nakamura,H (2787) chess.com INT 2023 ½-½ (53)}) ({RR} 9. Nbd2 c6 10. a4 Qc7 11. dxe5 dxe5 12. Nf1 Nc5 13. Bc2 b6 14. Ng3 Rd8 15. Bd2 Ba6 16. b4 Ne6 17. Qc1 Bc4 18. Bb1 Rd7 19. Ba2 Bxa2 20. Rxa2 Rad8 21. Rc2 c5 22. Be3 Rc8 23. b5 Rcd8 {Djendjinovic,I (1841)-Beber,A (1988) Petrovac MNE 2025 0-1 (45)}) 9... b6 10. Bg5 h6 11. Bh4 Bb7 12. Nbd2 Qe7 13. Qe2 Qf8 14. Qc4 Rac8 15. Qf1 d5 16. Nxe5 Nxe5 17. dxe5 Rxe5 18. f4 Ree8 19. e5 Nd7 20. Re3 Nc5 21. Rae1 f5 22. exf6 Rxe3 23. Rxe3 Bxf6 24. Bxf6 Qxf6 25. Rg3 Ne4 26. Nxe4 dxe4 27. Bxe4 Bxe4 28. Qc4+ Kh7 29. Qxe4 Rf8 30. Rd3 Rf7 31. Rd4 c5 32. Rd5 Kg7 33. Qe5 Qxe5 34. fxe5 h5 35. a4 Kf8 36. a5 bxa5 37. Rxc5 Rb7 38. Rxa5 Rxb2 39. Rxa7 Re2 40. Ra5 Rc2 41. Rc5 Kf7 42. h4 Ke6 43. Kh2 Kf5 44. Kh3 Rd2 45. Rc6 Rd3+ 46. g3 Rd1 47. Rf6+ Kxe5 48. Rxg6 Rh1+ 49. Kg2 Rc1 50. Rg5+ Kf6 51. Rxh5 Rxc3 52. Kh3 Rc1 53. Ra5 Rh1+ 54. Kg4 Rb1 55. Ra6+ Kg7 56. h5 Rb4+ 57. Kg5 Rb5+ 58. Kh4 Rc5 59. g4 Rb5 60. Ra7+ Kh8 61. h6 Rc5 62. g5 Rc6 63. Kh5 Rc8 64. Rf7 Rb8 65. Rf5 Rc8 66. g6 Rb8 67. Rf8+ Rxf8 68. g7+ Kh7 69. gxf8=N+ Kg8 70. Kg6 Kxf8 71. h7 Ke7 72. h8=Q 1-0

[Event "chess.com SpeedChess Q1KO"]
[Site "chess.com INT"]
[Date "2022.11.11"]
[Round "1.4"]
[White "Mamedov, Rau"]
[Black "Dubov, Daniil"]
[Result "1-0"]
[WhiteElo "2646"]
[BlackElo "2708"]
[PlyCount "73"]
[EventDate "2022.11.11"]

1. Nf3 Nf6 2. g3 g6 3. Bg2 Bg7 4. O-O O-O 5. d3 d6 6. e4 c5 7. Nc3 Nc6 8. Re1 Bg4 9. h3 Bxf3 10. Bxf3 Rb8 11. a4 a6 12. Bg2 Nd7 ({RR} 12... b5 13. axb5 axb5 14. Ne2 Nd7 15. e5 Qc8 16. e6 fxe6 17. Nf4 e5 18. Ne6 Rf6 19. Ng5 Nf8 20. c3 Qd7 21. Be3 b4 22. Ra6 Nd8 23. d4 bxc3 24. bxc3 exd4 25. cxd4 cxd4 26. Bxd4 Rf5 27. Ra7 {Mamedov,R (2651)-Bernadskiy,V (2564) chess.com INT 2024 1-0 (57)}) 13. Ne2 ({RR} 13. Bg5 h6 14. Be3 e6 15. Qd2 Kh7 16. f4 Nd4 17. a5 b5 18. axb6 Rxb6 19. Ra2 Nc6 20. Na4 Rb8 21. c3 Qc7 22. e5 dxe5 23. Nxc5 exf4 24. Nxd7 Qxd7 25. Bxf4 e5 26. Bxc6 Qd6 27. Bg2 exf4 {Maksimov,O (2180)-Ahmad,K (2391) Eforie Nord ROU 2025 0-1 (39)}) 13... Nd4 14. c3 Nxe2+ 15. Qxe2 $146 ({RR} 15. Rxe2 b5 16. axb5 axb5 17. Be3 b4 18. d4 Qb6 19. Ra4 bxc3 20. bxc3 Rfc8 21. Rea2 cxd4 22. cxd4 Qb1 23. Qxb1 Rxb1+ 24. Kh2 Nb6 25. Ra7 Nc4 26. Rxe7 Nxe3 27. fxe3 Bf8 28. Rd7 Rb3 29. Rf2 Rxe3 {Hannes,D (2094)-Huppertz,A (1850) Germany 2016 1-0 (33)}) 15... b5 16. axb5 axb5 17. Be3 Ne5 18. f4 Nc6 19. e5 Qc7 20. d4 b4 21. Ra6 Nd8 22. Qc4 bxc3 23. bxc3 Rb2 24. Bf2 Ne6 25. Bd5 Qc8 26. exd6 cxd4 27. Qxc8 Rxc8 28. Rxe6 dxc3 29. d7 Rd8 30. Rxe7 c2 31. Rc6 Bf8 32. Rxf7 Rb1+ 33. Kg2 c1=Q 34. Rxc1 Rxc1 35. Re7+ Kh8 36. Bd4+ Bg7 37. Bxg7# 1-0

[Event "chess.com SpeedChess Q1KO"]
[Site "chess.com INT"]
[Date "2022.11.11"]
[Round "1.7"]
[White "Dubov, Daniil"]
[Black "Mamedov, Rau"]
[Result "1-0"]
[WhiteElo "2708"]
[BlackElo "2646"]
[PlyCount "75"]
[EventDate "2022.11.11"]

1. Nf3 Nf6 2. g3 g6 3. b3 Bg7 4. Bb2 d6 5. d4 O-O 6. Bg2 b5 7. Qd3 a6 8. O-O Bb7 9. Nbd2 c5 10. dxc5 ({RR} 10. e3 Nbd7 11. c4 bxc4 12. bxc4 cxd4 13. exd4 Rb8 14. Bc3 Qc7 15. Rfe1 Rfe8 16. Nb3 e5 17. Ba5 Qc8 18. Qc2 exd4 19. Nbxd4 Be4 20. Qc3 Qb7 21. Rad1 Rec8 22. Bh3 Rc5 23. Nd2 Ne5 24. N4b3 Rxc4 {Javakhishvili,L (2426)-Tsolakidou,S (2451) Monaco MNC 2025 ½-½}) 10... dxc5 11. Qxd8 $146 ({RR} 11. a4 Qxd3 12. cxd3 Nbd7 13. Rfc1 Rfc8 14. axb5 axb5 15. Ne5 Bxg2 16. Kxg2 Nxe5 17. Bxe5 Nd7 18. Bxg7 Kxg7 19. Rxa8 Rxa8 20. Ne4 Ra3 21. Nxc5 Nxc5 22. Rxc5 Rxb3 23. d4 e6 24. Rc7 h5 25. h4 b4 {Artemiev,V (2709)-Carlsen,M (2847) chess24.com INT 2021 ½-½ (37)}) 11... Rxd8 12. Rfd1 Nbd7 13. a4 Nb6 14. Ne5 Bxg2 15. Kxg2 Ng4 16. Nxg4 Bxb2 17. Rab1 Bg7 18. axb5 axb5 19. Ne3 Bd4 20. Kf3 Bxe3 21. fxe3 Ra2 22. Ne4 Rxd1 23. Rxd1 Rxc2 24. Rd8+ Kg7 25. Rb8 Nd7 26. Rxb5 Ne5+ 27. Kf4 f6 28. Nxc5 Rxe2 29. h4 h6 30. b4 Kf7 31. Ke4 Rg2 32. Rb8 Rxg3 33. b5 Rg1 34. b6 Rc1 35. Rc8 Rb1 36. b7 Rb4+ 37. Kd5 e6+ 38. Nxe6 1-0